000 01257nam a2200313 a 4500
001 ebr10440576
003 CaPaEBR
006 m u
007 cr cn|||||||||
008 110203s2010 enka sb 000 0 eng d
020 _z9781905736560
020 _z9789814346160 (e-book)
040 _aCaPaEBR
_cCaPaEBR
035 _a(OCoLC)702117528
043 _an-us---
050 1 4 _aE840.2
_b.A54 2010eb
100 1 _aAnholt, Simon.
245 1 0 _aBrand America
_h[electronic resource] :
_bthe making, unmaking and remaking of the greatest national image of all time /
_cSimon Anholt and Jeremy Hildreth.
260 _aLondon :
_bMarshall Cavendish Business,
_c2010.
300 _a198 p. :
_bill.
504 _aIncludes bibliographical references.
533 _aElectronic reproduction.
_bPalo Alto, Calif. :
_cebrary,
_d2011.
_nAvailable via World Wide Web.
_nAccess may be limited to ebrary affiliated libraries.
650 0 _aNational characteristics.
651 0 _aUnited States
_xForeign public opinion.
655 7 _aElectronic books.
_2local
700 1 _aHildreth, Jeremy.
710 2 _aebrary, Inc.
856 4 0 _uhttp://site.ebrary.com/lib/rucke/Doc?id=10440576
_zAn electronic book accessible through the World Wide Web; click to view
999 _c244980
_d244980